00600cam a2200205 a 4500001000700000003000400007005001700011008004100028010001700069020001800086020001500104040001800119050002700137082001800164100002000182245004400202260003100246300001300277856010400290479967OSt20211209103812.0840822s1985 nyu 000 1 eng  a 84018938  a9788172234881 a0688042171 aDLCcDLCdDLC00aPS3569.H3927bI35 198500a813.54bSHE/I aSheldon, Sidney10aIf tomorrow comes /cby Sidney Sheldon. aNew York :bMorrow,c1985. a501 p. ;423Contributor biographical informationuhttp://www.loc.gov/catdir/enhancements/fy1308/84018938-b.html